Alle Mitgliedsstaaten der EU - Statistiken

Allgemein
  • Dieses Quiz wurde 67 mal gespielt
  • Das Durchschnittsergebnis liegt bei 26 aus 27
Antworten auf der Karte
Die Antworten werden auf der Karte rot bzw. grün angezeigt, abhängig davon wie oft sie richtig erraten wurden.
 
Antwortstatistiken
Antwort % Korrekt
Deutschland
100%
Schweden
100%
Bulgarien
98%
Finnland
98%
Kroatien
98%
Österreich
98%
Polen
98%
Slowakei
98%
Spanien
98%
Tschechien
98%
Dänemark
96%
Estland
96%
Frankreich
96%
Italien
96%
Lettland
96%
Litauen
96%
Luxemburg
96%
Niederlande
96%
Portugal
96%
Slowenien
96%
Ungarn
96%
Belgien
95%
Griechenland
95%
Rumänien
95%
Irland
84%
Malta
82%
Zypern
80%
Keine übereinstimmenden Quizze gefunden
Verteilung der Resultate
Anzahl Personen mit jedem Resultat
Perzentil nach korrekt beantworteten Fragen
Ihre Resultats-Entwicklung
Sie haben dieses Quiz noch nicht gespielt